[Event "Titled Tuesday intern op 16th Apr Late"]
[Site "Chess.com INT"]
[Date "2024.04.16"]
[Round "11"]
[White "Tang, Benjamin"]
[Black "Meduri, Aakaash"]
[Result "1-0"]
[WhiteElo "2291"]
[BlackElo "1962"]
[PlyCount "35"]
[EventDate "2024.04.16"]
[EventType "swiss (blitz)"]
[EventRounds "11"]
[EventCountry "USA"]
[SourceTitle "CB17_2024"]
[SourceDate "2024.04.24"]
[SourceVersion "1"]
[SourceVersionDate "2024.04.24"]
[SourceQuality "1"]

1. e4 d6 2. d4 Nf6 3. Nc3 e5 4. Nf3 Nbd7 5. Bc4 Be7 6. 0-0 0-0 7. h3 c6 8. a4 a5 9. Re1 h6 10. Nh4 exd4 11. Qxd4 Nc5 12. Ng6 Re8 13. Nxe7+ Qxe7 14. Bf4 Ncxe4 15. Nxe4 Nxe4 16. Bd3 d5 17. f3 Qc5 18. Qxc5 1-0

[Event "Wch U12"]
[Site "Batumi"]
[Date "2022.09.24"]
[Round "8"]
[White "Tang, Benjamin"]
[Black "Nithik, Reddy Bhavanam"]
[Result "1-0"]
[WhiteElo "1713"]
[BlackElo "1367"]
[PlyCount "69"]
[EventDate "2022.09.16"]
[EventType "swiss"]
[EventRounds "11"]
[EventCountry "GEO"]
[SourceTitle "EXT 2023"]
[Source "ChessBase"]
[SourceDate "2022.10.05"]
[SourceVersion "1"]
[SourceVersionDate "2022.10.05"]
[SourceQuality "1"]

1. e4 e5 2. Nf3 Nc6 3. Nc3 Nf6 4. Be2 Be7 5. d4 exd4 6. Nxd4 Bb4 7. Nxc6 bxc6 8. 0-0 d6 9. Bf3 Nd7 10. Qd4 Bxc3 11. Qxc3 Ne5 12. Be2 0-0 13. f4 Ng4 14. Qxc6 Bd7 15. Qc3 Qf6 16. Qg3 Qd4+ 17. Kh1 Nf6 18. e5 Ne4 19. Qe3 dxe5 20. Bf3 Bc6 21. Re1 f5 22. Bxe4 Qxe3 23. Bxe3 Bxe4 24. fxe5 Kf7 25. c3 Ke6 26. Bd4 Rfd8 27. b4 Kd5 28. Kg1 a5 29. a3 Ra6 30. Red1 Kc4 31. Bc5 Rd3 32. Rxd3 Kxd3 33. Rd1+ Ke2 34. Rd7 axb4 35. Bxb4 1-0

[Event "Wch U12"]
[Site "Batumi"]
[Date "2022.09.23"]
[Round "7"]
[White "Syzdyk, Samir"]
[Black "Tang, Benjamin"]
[Result "1-0"]
[WhiteElo "1470"]
[BlackElo "1713"]
[PlyCount "77"]
[EventDate "2022.09.16"]
[EventType "swiss"]
[EventRounds "11"]
[EventCountry "GEO"]
[SourceTitle "EXT 2023"]
[Source "ChessBase"]
[SourceDate "2022.10.05"]
[SourceVersion "1"]
[SourceVersionDate "2022.10.05"]
[SourceQuality "1"]

1. d4 Nf6 2. g3 g6 3. Bg2 Bg7 4. e4 d6 5. Nc3 0-0 6. Nge2 c6 7. h3 e5 8. Be3 Nbd7 9. 0-0 Qc7 10. a4 b6 11. Qd2 Bb7 12. Rad1 Rad8 13. d5 cxd5 14. exd5 Ne8 15. f4 exf4 16. gxf4 Nc5 17. b4 Na6 18. Nb5 Qc4 19. c3 Nf6 20. Qd3 Qxd3 21. Rxd3 Rfe8 22. Kf2 Rd7 23. Nxa7 Nc7 24. c4 Ne4+ 25. Bxe4 Rxe4 26. Rc1 Na6 27. Nc6 Bb2 28. Rc2 Bf6 29. Rb3 Bxc6 30. dxc6 Rc7 31. b5 Nc5 32. Bxc5 dxc5 33. a5 bxa5 34. b6 Rxc6 35. b7 Bh4+ 36. Kg2 Re8 37. b8Q Rxb8 38. Rxb8+ Kg7 39. Ra8 1-0

[Event "Pan American-ch U12"]
[Site "Montevideo"]
[Date "2022.06.26"]
[Round "1"]
[White "Zhong, Ryan Yunhui"]
[Black "Tang, Benjamin"]
[Result "0-1"]
[WhiteElo "1191"]
[BlackElo "1699"]
[PlyCount "86"]
[EventDate "2022.06.26"]
[EventType "swiss"]
[EventRounds "9"]
[EventCountry "URU"]
[SourceTitle "EXT 2023"]
[Source "ChessBase"]
[SourceDate "2022.10.05"]
[SourceVersion "1"]
[SourceVersionDate "2022.10.05"]
[SourceQuality "1"]

1. d4 Nf6 2. c4 g6 3. Nc3 Bg7 4. e4 d6 5. f4 c5 6. d5 0-0 7. Nf3 e6 8. Bd3 exd5 9. cxd5 b5 10. 0-0 c4 11. Bc2 b4 12. Ne2 Re8 13. Ng3 Ba6 14. Re1 Ng4 15. Nd4 Bxd4+ 16. Qxd4 Qh4 17. Kf1 c3+ 18. Bd3 Qf6 19. e5 dxe5 20. Qe4 cxb2 21. Bxb2 Bxd3+ 22. Qxd3 Qxf4+ 23. Kg1 Qf2+ 24. Kh1 Qxe1+ 25. Rxe1 Nf2+ 26. Kg1 Nxd3 27. Re2 Nxb2 28. Rxb2 a5 29. Ne4 Nd7 30. Nd6 Red8 31. Nb5 Nf6 32. d6 Rab8 33. Rf2 Rxb5 34. Rxf6 Kg7 35. Rf3 Rxd6 36. Kf1 Rd2 37. g4 Rxa2 38. h4 b3 39. Rf2 b2 40. h5 b1Q+ 41. Kg2 Qe4+ 42. Kg3 Qe3+ 43. Kh4 g5# 0-1